Osemdesiat rokov slovakistiky na Filozofickej fakulte UK

Na FF UK pôsobil v r. 1958-1989. Vo vedeckom výskume sa orientoval na zvukovú rovinu jazyka, všeobecnú jazykovedu a kultúru reči. Autor monografie Atlas slovenských hlások

Bibliographic Details
Format: Article
Language:Slovak
Subjects:

MARC

LEADER 00000nab a2200000 a 4500
001 vtls001435012
003 SK-MaSNL
005 20260303172113.0
008 020528sm y0sloyxo 0 slo
015 |a BIOBB2002/01-00154 
035 |a SNK000390096 
040 |a SNK  |b slo  |c SNK  |e AACR2 
041 0 |a slo 
044 |a xo  |c SK 
245 0 0 |a Osemdesiat rokov slovakistiky na Filozofickej fakulte UK  |c Pavol Žigo 
520 |a Na FF UK pôsobil v r. 1958-1989. Vo vedeckom výskume sa orientoval na zvukovú rovinu jazyka, všeobecnú jazykovedu a kultúru reči. Autor monografie Atlas slovenských hlások 
600 1 7 |a Kráľ, Ábel,  |d 1932-2023  |2 SNK  |9 201314 
655 7 |a biografické heslá  |2 SNK  |9 368942 
774 0 |w SK01SNK20020  |z ISBN 80-88982-42-1  |t Studia Academica Slovaca. 30  |d Bratislava : Stimul, 2001  |g S.500 
850 |a Slovenská národná knižnica v Martine 
971 |e 19320000  |i vysokoškolský učiteľ 
971 |i slovakista 
999 |c 2084921  |d 2086851